| 000 -LEADER |
| fixed length control field |
00886nam a2200253Ia 4500 |
| 001 - CONTROL NUMBER |
| control field |
10673 |
| 003 - CONTROL NUMBER IDENTIFIER |
| control field |
GE_BSU |
| 008 - FIXED-LENGTH DATA ELEMENTS--GENERAL INFORMATION |
| fixed length control field |
181216s||||||||xx |||||||||||||| ||und|| |
| 020 ## - INTERNATIONAL STANDARD BOOK NUMBER |
| International Standard Book Number |
9992844817 |
| 040 ## - CATALOGING SOURCE |
| Transcribing agency |
GE_BSU |
| 080 ## - UNIVERSAL DECIMAL CLASSIFICATION NUMBER |
| Universal Decimal Classification number |
821.353.1-32 |
| 100 ## - MAIN ENTRY--PERSONAL NAME |
| Personal name |
ფაღავა,ირაკლი |
| 245 ## - TITLE STATEMENT |
| Title |
მოხუცი და მტრედი. |
| 245 ## - TITLE STATEMENT |
| Remainder of title |
ლექსები და მოთხრობები. |
| 245 ## - TITLE STATEMENT |
| Statement of responsibility, etc. |
რედ.ჯემალ ხოფერია;მხატვ.ნ.კვირკველია;გ.ფუტკარაძე;მ.კვაჭანტირაძე. |
| 260 ## - PUBLICATION, DISTRIBUTION, ETC. |
| Place of publication, distribution, etc. |
ბათუმი. |
| 260 ## - PUBLICATION, DISTRIBUTION, ETC. |
| Name of publisher, distributor, etc. |
ს.ს. გამ-ბა აჭარა. |
| 260 ## - PUBLICATION, DISTRIBUTION, ETC. |
| Date of publication, distribution, etc. |
2000. |
| 300 ## - PHYSICAL DESCRIPTION |
| Extent |
24გვ;17სმ. |
| 300 ## - PHYSICAL DESCRIPTION |
| Accompanying material |
ილ. |
| 653 ## - INDEX TERM--UNCONTROLLED |
| Uncontrolled term |
მოხუცი და მტრედი. |
| 942 ## - ADDED ENTRY ELEMENTS (KOHA) |
| Koha item type |
წიგნი |